The collected works of A.K. Dasgupta (Record no. 413769)

000 -LEADER
fixed length control field 00558cam a22001337a 4500
008 - FIXED-LENGTH DATA ELEMENTS--GENERAL INFORMATION
fixed length control field 180718b2009 xxu||||| |||| 00| 0 eng d
082 ## - DEWEY DECIMAL CLASSIFICATION NUMBER
Classification number A99/D26 P196
245 ## - TITLE STATEMENT
Title The collected works of A.K. Dasgupta
Statement of responsibility, etc. edited by Alaknanda Patel
260 ## - PUBLICATION, DISTRIBUTION, ETC.
Place of publication, distribution, etc. New Delhi
Name of publisher, distributor, etc. Oxford University Press
Date of publication, distribution, etc. 2009
300 ## - PHYSICAL DESCRIPTION
Extent 3 vols.
500 ## - GENERAL NOTE
General note Contents: vol.1. Two treatises on classical political economy,377p.; vol.2. Essays in economic theory, 455p.; vol.3. Essays in planning and public policy, 589p.
650 ## - SUBJECT ADDED ENTRY--TOPICAL TERM
Topical term or geographic name entry element Dasgupta, Amiya Kumar, 1903-1992
700 ## - ADDED ENTRY--PERSONAL NAME
Personal name Patel, Alaknanda
Holdings
Withdrawn status Lost status Damaged status Not for loan Permanent Location Current Location Date acquired Full call number Barcode Date last seen Price effective from Koha item type
        Indian Institute of Public Administration Indian Institute of Public Administration 2009-03-12 A99/D26 P196 82943 2018-07-21 2018-07-21 Book
        Indian Institute of Public Administration Indian Institute of Public Administration 2009-03-12 A99/D26 P196 82942 2018-07-21 2018-07-21 Book
        Indian Institute of Public Administration Indian Institute of Public Administration 2009-03-12 A99/D26 P196 82941 2018-07-21 2018-07-21 Book

Powered by Koha